000 00582nam a22001697a 4500
003 CEME
005 20210628203833.0
008 210305b xxu||||| |||| 00| 0 eng d
020 _a0-471-04972-7
040 _c.
082 _a006.6 WIT
245 _aPhoto based 3d graphics in c++ , compositing, warping, morphing, and other digital special effects
260 _aNEW YORK
_bJOHN WILEY
_c1995
300 _aXVI,346P
650 _aCOMPUTER GRAPHICS, IMAGE PROCESSING-DIGITAL TECHNIQUES, THREE DIMENSIONAL DISPLAY SYSTEMS, C++ (COMPUTER PROGRAM LANGUAGE
_967505
942 _cBK
_2ddc
999 _c575269
_d575269